Catalog

Record Details

Catalog Search



Od konfrontácie k dialógu : křižovatky křesťanstva a filozofie / Ladislav Lencz

Record details

  • ISBN: 80-85487-08-X
  • Physical Description: 141 s. ; 21 cm
  • Edition: 1. vyd.
  • Publisher: Bratislava : Nové mesto, 1992

Content descriptions

General Note:
Karel Šprunk : Teologické texty. 8/6, 214-215
Subject: augustinizmus
evoluce
Heidegger, Martin, 1889-1976
Kant, Immanuel, 1724-1804
křesťanský existencializmus
křesťanství a filozofie
Platón, 427-347 př.Kr.
Sartre, Jean Paul, 1905-1980
křesťanství a filosofie
existencialismus
evoluce

Available copies

  • 1 of 1 copy available at Common Catalog SPOK.

Holds

  • 0 current holds with 1 total copy.
Show Only Available Copies
Location Call Number / Copy Notes Barcode Shelving Location Status Due Date
Jabok Library FL-3/Le 424480005542 Odborná literatura Available -

LDR 01511cam a22004577a 4500
0018489
003CZ-PrJAB
00520170327090708.0
007ta
008950628s1992 xo |||||r|||||||| ||slo|d
020 . ‡a80-85487-08-X
035 . ‡a(CZ PrSKC)etf000098527
040 . ‡aABD027 ‡bcze ‡cABD027 ‡dABD027 ‡dABD067
080 . ‡a23/28:1
1001 . ‡aLencz, Ladislav, ‡d1927- ‡7skuk0003682 ‡4aut
24510. ‡aOd konfrontácie k dialógu : ‡bkřižovatky křesťanstva a filozofie / ‡cLadislav Lencz
250 . ‡a1. vyd.
260 . ‡aBratislava : ‡bNové mesto, ‡c1992
300 . ‡a141 s. ; ‡c21 cm
500 . ‡aKarel Šprunk : Teologické texty. 8/6, 214-215
65007. ‡aaugustinizmus ‡2ctt
65007. ‡aevoluce ‡2ctt
65007. ‡aHeidegger, Martin, 1889-1976 ‡2ctt
65007. ‡aKant, Immanuel, 1724-1804 ‡2ctt
65007. ‡akřesťanský existencializmus ‡2ctt
65007. ‡akřesťanství a filozofie ‡2ctt
65007. ‡aPlatón, 427-347 př.Kr. ‡2ctt
65007. ‡aSartre, Jean Paul, 1905-1980 ‡2ctt
65004. ‡akřesťanství a filosofie
65007. ‡aexistencialismus ‡7ph117190 ‡2czenas
65004. ‡aevoluce
910 . ‡aABG312
901 . ‡a8489 ‡bUnknown ‡c8489 ‡tbiblio

Additional Resources